Poetry Terms - Statistics

General Stats
  • This quiz has been taken 34 times
  • The average score is 11 of 34
Answer Stats
Hint Answer % Correct
a fourteen-line poem traditionally written in iambic pentameter, employing one of several rhyme schemes, and adhering to a tightly structured thematic organization. sonnet
72%
a grouping of lines that forms the main unit in a poem. stanza
66%
a comparison between essentially unlike things, or the application of a name or description to something to which it is not literally applicable. metaphor
59%
a comparison between two essentially unlike things using words “such as,” “like,” and “as.” simile
59%
poet gives human characteristics to nonhuman things personification
55%
the repetition of consonant sounds, particularly at the beginnings of words. alliteration
52%
two line stanza couplet
52%
exaggeration for emphasis. hyperbole
52%
a rhetorical device involving contradictions of expectation or knowledge and divided into three primary types: verbal, situational, and dramatic. irony
52%
a four-line stanza, or unit of four lines of verse, rhymed or unrhymed. - shakespeare quatrain
52%
a rising meter form consisting of five pairs of unstressed and stressed or accented syllables as five iambic feet per line. Iambic Pentameter
48%
the continuation of a sentence or clause across one poetic line break. enjambment
45%
the use of language that sounds like the thing or action it describes. onomatopoeia
34%
an object or action that stands for something beyond itself. symbol
34%
rhetorical shift that marks the change of a thought or argument in a poem. volta
34%
a reference to a person, event, or literary work outside the poem. allusion
31%
a pause for a beat in the rhythm of a verse, often indicated by a line break or by punctuation. caesura
28%
the repetition of similar consonant sounds. consonance
28%
language in a poem representing a sensory experience, including visual, auditory, olfactory, tactile, and gustatory. imagery
28%
an eight-line stanza, and also refers to the first eight lines of a Petrarchan sonnet, usually in iambic pentameter and with a rhyme scheme. - petrarchan octave
28%
a six-line stanza, or unit of six lines of verse, or the final six lines of a Petrarchan sonnet, rhymed or unrhymed. sestet
28%
a narrative or visual representation with an underlying meaning, moral message, or political significance. allegory
24%
rhyme in the middle of the line and not at the end internal rhyme
24%
the structure of a poem, including its line lengths, line breaks, meter, stanza lengths, and rhyme scheme. form
17%
a rhyme formed with words with similar but not wholly identical sounds; also called an off rhyme, half rhyme, and imperfect rhyme. slant rhyme
17%
a three-line stanza, or unit of three lines of verse, rhymed or unrhymed. tercet
17%
extended metaphor conceit
14%
the arrangement of language and order of words used to convey the poem’s content. syntax
14%
a literary device that conveys the author’s attitude toward the subject, speaker, or audience of a poem. tone
14%
the implied or suggested meaning associated with a word or phrase. connotation
10%
3 quatrains. Ends in a couplet English
10%
Octave and Sestet Italian
10%
poetry that engages with, describes, or considers the natural world. nature poetry
7%
a poem also known as a dramatic monologue in which the poet assumes the voice of another person, fictional character, or identity. persona poem
3%
No matching quizzes found
Score Distribution
Percent of People with Each Score
Percentile by Number Answered
Your Score History
You have not taken this quiz